Success at your doorstep / (Record no. 57986)

MARC details
000 -LEADER
fixed length control field 00800nam a22002057a 4500
005 - DATE AND TIME OF LATEST TRANSACTION
control field 20111102143148.0
010 ## - LCCN (DPL NO)
LC control number G-001599
020 ## - INTERNATIONAL STANDARD BOOK NUMBER
Terms of availability $ 14
International Standard Book Number 9788189693305
035 ## - SYSTEM CONTROL NUMBER
System control number G-001599
037 ## - SOURCE OF ACQUISITION
Source of stock number/acquisition Gift
082 ## - DEWEY DECIMAL CLASSIFICATION NUMBER
Classification number 158.1
245 ## - TITLE STATEMENT
Title Success at your doorstep /
Statement of responsibility, etc edited by Yadam Ram Kumar
260 ## - PUBLICATION, DISTRIBUTION, ETC. (IMPRINT)
Place of publication, distribution, etc Jaipur
Name of publisher, distributor, etc Ayush Books
Date of publication, distribution, etc (201?)
270 ## - ADDRESS
Address Deep Villa, D-3-A, Vishwadhalayapuri, Nr. Asha Public School Gopalpura By pass,
City Jaipur
Postal code 18
300 ## - PHYSICAL DESCRIPTION
Extent 144p.
Dimensions 24cm (pbk)
700 ## - ADDED ENTRY--PERSONAL NAME
Personal name Yadam Ram Kumar
9 (RLIN) 35656
942 ## - ADDED ENTRY ELEMENTS (KOHA)
Source of classification or shelving scheme Dewey Decimal Classification
Item type English Books
Call number suffix YAD
Classification part 158.1
Holdings
Withdrawn status Lost status Not for loan Collection code Home library Current library Date acquired Source of acquisition Cost, normal purchase price Full call number Barcode Copy number Cost, replacement price Koha item type
      Non-fiction Janak Puri Janak Puri 02/11/2011 gift 0.00 158.1 YAD G-001599 1 0.00 English Books

© Delhi Public Library
Hit Counter
free hit counter